[Event "RUS-chT Rapid"]
[Site "Sochi"]
[Date "2023.10.18"]
[Round "1.21"]
[White "Rozum, Ivan"]
[Black "Shakirov, Marat"]
[Result "1-0"]
[WhiteElo "2531"]
[BlackElo "2179"]
[PlyCount "131"]
[EventDate "2023.10.18"]
[EventType "team-swiss (rapid)"]
[EventRounds "9"]
[EventCountry "RUS"]
[SourceTitle "Mega2024 Update 01"]
[Source "Chessbase"]
[SourceDate "2023.11.12"]
[SourceVersion "1"]
[SourceVersionDate "2023.11.12"]
[SourceQuality "1"]
[WhiteTeam "Vologodsk Region"]
[BlackTeam "St Petersburg SShOR III"]
[WhiteTeamCountry "RUS"]
[BlackTeamCountry "RUS"]

1. d4 Nf6 2. c4 g6 3. Nf3 Bg7 4. g3 0-0 5. Bg2 d6 6. Nc3 Nc6 7. 0-0 e5 8. dxe5 dxe5 9. Bg5 h6 10. Qxd8 Rxd8 11. Bxf6 Bxf6 12. Nd5 Kg7 13. Nxc7 Rb8 14. e4 Be7 15. Nd5 Bc5 16. Rfd1 Bg4 17. h3 Bd7 18. Rd2 f5 19. exf5 gxf5 20. b4 Nxb4 21. Nxe5 Ba4 22. Rb1 Nxd5 23. Bxd5 Be8 24. Kg2 b5 25. Rc2 Bd6 26. Re2 bxc4 27. Rxb8 Bxb8 28. Nxc4 Bb5 29. Re7+ Kf6 30. Re6+ Kg7 31. Ne3 Bd3 32. Bf3 f4 33. Ng4 fxg3 34. fxg3 Bf5 35. Re7+ Kf8 36. Re2 Bxg4 37. Bxg4 Re8 38. Rc2 Bd6 39. Rc6 Ke7 40. Ra6 Rb8 41. Rxa7+ Kf6 42. Ra6 Ke7 43. Bf5 Rb2+ 44. Kf3 h5 45. g4 hxg4+ 46. hxg4 Rb4 47. Ke3 Bc5+ 48. Kd3 Bd6 49. Kc3 Rf4 50. a4 Be5+ 51. Kb3 Bd6 52. Ra8 Kf6 53. a5 Rb4+ 54. Kc3 Ra4 55. a6 Ke5 56. Bd7 Ra5 57. g5 Kd5 58. g6 Ra3+ 59. Kb2 Rg3 60. Bf5 Ke5 61. Bc2 Ba3+ 62. Ka2 Bc5 63. a7 Ra3+ 64. Kb2 Kf6 65. Rc8 Rxa7 66. Rxc5 1-0

[Event "RUS-ch Rapid"]
[Site "Sochi"]
[Date "2023.10.15"]
[Round "1"]
[White "Novikov, Maxim"]
[Black "Shakirov, Marat"]
[Result "1-0"]
[WhiteElo "2435"]
[BlackElo "2179"]
[PlyCount "81"]
[EventDate "2023.10.15"]
[EventType "swiss (rapid)"]
[EventRounds "11"]
[EventCountry "RUS"]
[SourceTitle "Mega2024 Update 01"]
[Source "Chessbase"]
[SourceDate "2023.11.12"]
[SourceVersion "1"]
[SourceVersionDate "2023.11.12"]
[SourceQuality "1"]

1. c4 Nf6 2. g3 g6 3. Bg2 Bg7 4. Nc3 0-0 5. e4 c5 6. Nge2 Nc6 7. 0-0 Ne8 8. f4 Nc7 9. f5 Rb8 10. a4 a6 11. d3 b5 12. Be3 bxc4 13. dxc4 Rxb2 14. Bxc5 a5 15. Ba3 Rb8 16. Nb5 Na6 17. Rc1 d6 18. f6 Bxf6 19. Rxf6 exf6 20. Bxd6 Bg4 21. c5 Rc8 22. h3 Bxe2 23. Qxe2 Re8 24. Qf1 Nab4 25. Rd1 Nc2 26. Qe2 N2b4 27. Bf8 Rxf8 28. Rxd8 Rfxd8 29. Nd6 Rb8 30. Qf2 Kg7 31. Bf1 Ne5 32. Bb5 Nbd3 33. Qe3 h5 34. Kg2 g5 35. h4 Kg6 36. Kf1 Nb4 37. Qf2 Rg8 38. Qf5+ Kg7 39. hxg5 Ng4 40. gxf6+ Kf8 41. Qxh5 1-0

[Event "St Petersburg Korchnoi Memorial op"]
[Site "St Petersburg"]
[Date "2023.08.23"]
[Round "8"]
[White "Shakirov, Marat"]
[Black "Vlasenko, Miroslav"]
[Result "1/2-1/2"]
[WhiteElo "2138"]
[BlackElo "2386"]
[PlyCount "65"]
[EventDate "2023.08.18"]
[EventType "swiss"]
[EventRounds "9"]
[EventCountry "RUS"]
[SourceTitle "EXT 2024"]
[Source "ChessBase"]
[SourceDate "2023.10.10"]
[SourceVersion "1"]
[SourceVersionDate "2023.10.10"]
[SourceQuality "1"]

1. d4 Nf6 2. c4 e6 3. Nf3 b6 4. a3 Bb7 5. Nc3 d5 6. cxd5 Nxd5 7. e3 Be7 8. Bb5+ c6 9. Bd3 0-0 10. h4 Nd7 11. e4 Nxc3 12. bxc3 c5 13. Qe2 cxd4 14. cxd4 Nf6 15. Rh3 Rc8 16. e5 Bxf3 17. Rxf3 Nd5 18. Rg3 Bxh4 19. Bxh7+ Kxh7 20. Qh5+ Kg8 21. Rxg7+ Kxg7 22. Bh6+ Kg8 23. Qg4+ Bg5 24. Bxg5 f5 25. exf6 Qd7 26. Bh6+ Kh7 27. Bxf8 Rxf8 28. Qh5+ Kg8 29. Qg6+ Kh8 30. Qh6+ Kg8 31. Qg6+ Kh8 32. Qh6+ Kg8 33. Qg6+ 1/2-1/2

[Event "St Petersburg Korchnoi Memorial op"]
[Site "St Petersburg"]
[Date "2023.08.21"]
[Round "5"]
[White "Preobrazhensky, Andrey"]
[Black "Shakirov, Marat"]
[Result "0-1"]
[WhiteElo "1822"]
[BlackElo "2138"]
[PlyCount "50"]
[EventDate "2023.08.18"]
[EventType "swiss"]
[EventRounds "9"]
[EventCountry "RUS"]
[SourceTitle "EXT 2024"]
[Source "ChessBase"]
[SourceDate "2023.10.10"]
[SourceVersion "1"]
[SourceVersionDate "2023.10.10"]
[SourceQuality "1"]

1. d4 Nf6 2. c4 g6 3. Nc3 Bg7 4. e4 d6 5. f4 0-0 6. Nf3 c5 7. d5 e6 8. Be2 exd5 9. cxd5 b5 10. e5 dxe5 11. fxe5 Ng4 12. Bg5 Qb6 13. 0-0 h6 14. Bf4 Nd7 15. Qd2 g5 16. e6 gxf4 17. exd7 Bxd7 18. Qxf4 Rae8 19. h3 c4+ 20. Kh1 Nf2+ 21. Kh2 b4 22. Nd1 Rxe2 23. Qxc4 Bb5 24. Qxb4 Nxd1 25. Rfxd1 Rxg2+ 0-1

[Event "Titled Tuesday intern op 15th Aug Late"]
[Site "Chess.com INT"]
[Date "2023.08.15"]
[Round "1"]
[White "Shakirov, Marat"]
[Black "Ilkhomi, Jaloliddin"]
[Result "1-0"]
[WhiteElo "2138"]
[BlackElo "2177"]
[PlyCount "141"]
[EventDate "2023.08.15"]
[EventType "swiss (blitz)"]
[EventRounds "11"]
[EventCountry "USA"]
[SourceTitle "EXT 2024"]
[Source "ChessBase"]
[SourceDate "2023.10.10"]
[SourceVersion "1"]
[SourceVersionDate "2023.10.10"]
[SourceQuality "1"]

1. d4 Nf6 2. c4 e6 3. Nc3 Bb4 4. e3 0-0 5. Bd2 b6 6. Nf3 d5 7. cxd5 exd5 8. Bd3 Ba6 9. Bxa6 Nxa6 10. 0-0 Qc8 11. Rc1 Qb7 12. Qa4 Rac8 13. Nb5 Bxd2 14. Nxd2 Rfd8 15. b4 c6 16. Nc3 Nc7 17. Qb3 Ne6 18. Rc2 h5 19. Nf3 Ne4 20. Rfc1 N6g5 21. Nxe4 Nxf3+ 22. gxf3 dxe4 23. fxe4 c5 24. d5 Rd6 25. bxc5 Rg6+ 26. Kf1 Qd7 27. c6 Qh3+ 28. Ke2 Rf6 29. Kd3 Rd6 30. c7 Qd7 31. a4 f5 32. f3 fxe4+ 33. fxe4 a6 34. Rc6 Rxc6 35. Rxc6 Rxc7 36. Qxb6 Rb7 37. Qc5 Rb3+ 38. Kc4 Rb1 39. Qd6 Qb7 40. Qe6+ Kh8 41. Qe8+ Kh7 42. Qxh5+ Kg8 43. Qe8+ Kh7 44. Qh5+ Kg8 45. Qe8+ Kh7 46. Qg6+ Kg8 47. Qe6+ Kh7 48. Qh3+ Kg8 49. Rc8+ Qxc8+ 50. Qxc8+ Kh7 51. Qf5+ g6 52. Qf7+ Kh6 53. e5 a5 54. e6 g5 55. e7 Rb4+ 56. Kd3 Rb8 57. e8Q Rxe8 58. Qxe8 g4 59. Qf7 g3 60. hxg3 Kg5 61. Qf4+ Kh5 62. g4+ Kg6 63. Qf5+ Kg7 64. Qg5+ Kf7 65. Qe5 Kf8 66. Qe6 Kg7 67. d6 Kh7 68. Qf6 Kg8 69. Qe7 Kh8 70. d7 Kg8 71. d8Q# 1-0

[Event "St Petersburg-ch 96th"]
[Site "St Petersburg"]
[Date "2023.03.19"]
[Round "2"]
[White "Shakirov, Marat"]
[Black "Epishin, Vladimir"]
[Result "0-1"]
[WhiteElo "2155"]
[BlackElo "2450"]
[PlyCount "123"]
[EventDate "2023.03.18"]
[EventType "swiss"]
[EventRounds "9"]
[EventCountry "RUS"]
[SourceTitle "CBM 213 Extra"]
[Source "ChessBase"]
[SourceDate "2023.05.31"]
[SourceVersion "1"]
[SourceVersionDate "2023.05.31"]
[SourceQuality "1"]

1. d4 Nf6 2. c4 d6 3. Nc3 e5 4. Nf3 Nbd7 5. g3 Be7 6. Bg2 0-0 7. 0-0 a6 8. Qc2 exd4 9. Nxd4 Re8 10. b3 Bf8 11. Bb2 Ne5 12. Rad1 c6 13. h3 Bd7 14. e3 Rc8 15. a4 d5 16. cxd5 cxd5 17. Qb1 Qb6 18. g4 h6 19. Nxd5 Nxd5 20. Bxd5 h5 21. Nf5 Bc6 22. f4 Bxd5 23. Rxd5 Nc6 24. gxh5 Rxe3 25. Nxe3 Qxe3+ 26. Kh2 Nb4 27. Rg5 Rc2+ 28. Rg2 Rxg2+ 29. Kxg2 Nd3 30. Qc2 Nxf4+ 31. Rxf4 Qxf4 32. Bc1 Qe5 33. Qd1 Bd6 34. Qf3 Qc5 35. Qd1 Qc6+ 36. Kf2 Bc5+ 37. Kg3 Qe4 38. Bf4 Bd4 39. Qd2 b5 40. axb5 axb5 41. Qd1 f5 42. h6 gxh6 43. Qc1 Qd3+ 44. Kh2 Qe2+ 45. Kh1 Qf3+ 46. Kh2 Bc3 47. h4 Kh7 48. Bg3 b4 49. Qb1 Kg6 50. Qg1 Kh5 51. Qb6 Qe2+ 52. Kh3 Be1 53. Bxe1 Qf1+ 54. Kh2 Qxe1 55. Qb5 Qxh4+ 56. Kg2 Qe4+ 57. Kh3 Kg5 58. Qd7 Kf4 59. Qd6+ Kf3 60. Qd1+ Kf2 61. Qd2+ Qe2 62. Qd1 0-1

[Event "St Petersburg-ch 96th"]
[Site "St Petersburg"]
[Date "2023.03.18"]
[Round "1"]
[White "Shchukin, Maksim"]
[Black "Shakirov, Marat"]
[Result "1/2-1/2"]
[WhiteElo "2400"]
[BlackElo "2155"]
[PlyCount "97"]
[EventDate "2023.03.18"]
[EventType "swiss"]
[EventRounds "9"]
[EventCountry "RUS"]
[SourceTitle "CBM 213 Extra"]
[Source "ChessBase"]
[SourceDate "2023.05.31"]
[SourceVersion "1"]
[SourceVersionDate "2023.05.31"]
[SourceQuality "1"]

1. Nf3 Nf6 2. g3 b5 3. Bg2 Bb7 4. d3 d5 5. Nbd2 Nbd7 6. 0-0 e5 7. e4 dxe4 8. Ng5 Rb8 9. Ndxe4 Nxe4 10. Nxe4 Be7 11. Be3 a6 12. a4 f5 13. Nd2 Bxg2 14. Kxg2 0-0 15. f3 Nb6 16. axb5 Nd5 17. Bf2 axb5 18. Re1 Bf6 19. Nb3 Qe8 20. Nc5 Qc6 21. c3 Ra8 22. Rxa8 Rxa8 23. d4 exd4 24. Bxd4 Rd8 25. Qb3 Bxd4 26. cxd4 Kh8 27. Nd3 f4 28. Ne5 Qf6 29. Qxb5 Ne3+ 30. Kh1 h6 31. gxf4 Nc2 32. Rg1 Nxd4 33. Qc4 Ne6 34. Ra1 Qf5 35. Qe4 Qxe4 36. fxe4 Kh7 37. f5 Ng5 38. Rc1 Nxe4 39. Rxc7 Rf8 40. Rf7 Rb8 41. Nc4 Rc8 42. b3 Kg8 43. Re7 Nc5 44. b4 Nd3 45. Nd6 Rd8 46. Nb7 Rd5 47. Re8+ Kf7 48. Rd8 Nxb4 49. Kg1 1/2-1/2

[Event "EU-ch U18 30th"]
[Site "Antalya"]
[Date "2022.11.08"]
[Round "3"]
[White "Frank, Adam"]
[Black "Shakirov, Marat"]
[Result "1/2-1/2"]
[WhiteElo "2292"]
[BlackElo "2128"]
[PlyCount "54"]
[EventDate "2022.11.06"]
[EventType "swiss"]
[EventRounds "9"]
[EventCountry "TUR"]
[SourceTitle "EXT 2024"]
[Source "ChessBase"]
[SourceDate "2023.10.10"]
[SourceVersion "1"]
[SourceVersionDate "2023.10.10"]
[SourceQuality "1"]

1. e4 e6 2. d4 d5 3. Nd2 Be7 4. Bd3 c5 5. dxc5 Nf6 6. Qe2 0-0 7. Ngf3 a5 8. 0-0 Na6 9. e5 Nd7 10. c3 Naxc5 11. Bc2 b5 12. Nd4 Qc7 13. Qe1 b4 14. N2f3 bxc3 15. bxc3 f6 16. Ba3 Ba6 17. Qe3 Nxe5 18. Nxe5 fxe5 19. Qh3 Rf6 20. Qxh7+ Kf7 21. Qh5+ Kg8 22. Qh7+ Kf7 23. Nf3 Rh6 24. Nxe5+ Kf8 25. Ng6+ Kf7 26. Ne5+ Kf8 27. Ng6+ Kf7 1/2-1/2

[Event "RUS-chT Rapid"]
[Site "Sochi"]
[Date "2022.10.18"]
[Round "1.7"]
[White "Shakirov, Marat"]
[Black "Timofeev, Artyom"]
[Result "0-1"]
[WhiteElo "2128"]
[BlackElo "2567"]
[PlyCount "84"]
[EventDate "2022.10.18"]
[EventType "team-swiss (rapid)"]
[EventRounds "9"]
[EventCountry "RUS"]
[SourceTitle "CBM 210 Extra"]
[Source "ChessBase"]
[SourceDate "2022.11.30"]
[SourceVersion "1"]
[SourceVersionDate "2022.11.30"]
[SourceQuality "1"]
[WhiteTeam "St Petersburg SShOR III"]
[BlackTeam "Tatarstan Ladya"]
[WhiteTeamCountry "RUS"]
[BlackTeamCountry "RUS"]

1. d4 Nf6 2. c4 g6 3. Nc3 d5 4. cxd5 Nxd5 5. Bd2 Bg7 6. e4 Nb6 7. Be3 0-0 8. h3 Be6 9. Nf3 Bc4 10. Rc1 c6 11. g3 N8d7 12. b3 Bxf1 13. Kxf1 e6 14. Kg2 Qe7 15. Qe2 e5 16. Rhd1 exd4 17. Bxd4 Rfe8 18. Bxg7 Kxg7 19. a4 a5 20. Qe3 Rad8 21. h4 h5 22. Ng5 Nc8 23. Ne2 Ne5 24. Nf4 Kg8 25. Qc3 Rxd1 26. Rxd1 Qb4 27. Qxb4 axb4 28. Rd4 c5 29. Rd5 b6 30. a5 f6 31. Nf3 Ne7 32. Rd6 bxa5 33. Nxe5 fxe5 34. Nxg6 c4 35. bxc4 a4 36. Nxe5 b3 37. Nd3 a3 38. Ra6 a2 39. c5 Rd8 40. Nb2 Rd2 41. Nc4 Rc2 42. Ne3 Rxc5 0-1

[Event "RUS-ch Higher League 75th"]
[Site "Obninsk"]
[Date "2022.07.05"]
[Round "9"]
[White "Abrekov, Mussa"]
[Black "Shakirov, Marat"]
[Result "1/2-1/2"]
[WhiteElo "2133"]
[BlackElo "2290"]
[PlyCount "100"]
[EventDate "2022.06.26"]
[EventType "swiss"]
[EventRounds "9"]
[EventCountry "RUS"]
[SourceTitle "CBM 209 Extra"]
[Source "ChessBase"]
[SourceDate "2022.09.30"]
[SourceVersion "1"]
[SourceVersionDate "2022.09.30"]
[SourceQuality "1"]

1. c4 e6 2. d4 d5 3. Nc3 c6 4. e3 f5 5. Bd3 Nf6 6. Nge2 Bd6 7. f3 0-0 8. c5 Bc7 9. Qc2 Nbd7 10. 0-0 b6 11. b4 a5 12. cxb6 Bxb6 13. Na4 Ba6 14. Bxa6 Rxa6 15. Qxc6 Re8 16. bxa5 Rxa5 17. Bd2 Qa8 18. Qxa8 Raxa8 19. Nxb6 Nxb6 20. Rfb1 Nc4 21. Bc1 Ra7 22. a4 Rea8 23. Rb4 Nd7 24. e4 fxe4 25. fxe4 Nb8 26. exd5 exd5 27. Rb5 Nc6 28. Rxd5 Rxa4 29. Rxa4 Rxa4 30. Rc5 Ne7 31. Bg5 Kf8 32. Kf2 Nd6 33. Bxe7+ Kxe7 34. Rc7+ Kf6 35. Ke3 Nf5+ 36. Ke4 Ra2 37. Nf4 Nd6+ 38. Kd3 Ra3+ 39. Rc3 Rxc3+ 40. Kxc3 Kf5 41. Nh5 Ke4 42. Nxg7 Nb5+ 43. Kc4 Nxd4 44. Nh5 Nc2 45. Nf6+ Kf5 46. Nxh7 Ne3+ 47. Kd3 Nxg2 48. Ke2 Kg4 49. Kf2 Kh3 50. Kg1 Nh4 1/2-1/2

[Event "RUS-ch Higher League 75th"]
[Site "Obninsk"]
[Date "2022.06.26"]
[Round "1"]
[White "Sychev, Klementy"]
[Black "Shakirov, Marat"]
[Result "1-0"]
[WhiteElo "2534"]
[BlackElo "2290"]
[PlyCount "91"]
[EventDate "2022.06.26"]
[EventType "swiss"]
[EventRounds "9"]
[EventCountry "RUS"]
[SourceTitle "CBM 209 Extra"]
[Source "ChessBase"]
[SourceDate "2022.09.30"]
[SourceVersion "1"]
[SourceVersionDate "2022.09.30"]
[SourceQuality "1"]

1. e4 c6 2. d4 d5 3. e5 c5 4. Nf3 Nc6 5. dxc5 e6 6. Be3 Qc7 7. Nc3 a6 8. Na4 Nxe5 9. Nxe5 Qxe5 10. c3 Bd7 11. Nb6 Rd8 12. Qd4 Qc7 13. b4 Be7 14. Bf4 Qc6 15. Bd3 f6 16. Bg3 e5 17. Qxd5 Qxd5 18. Nxd5 Bc6 19. c4 Bxd5 20. cxd5 Rxd5 21. 0-0-0 Rd4 22. a3 Nh6 23. Bc2 Rd8 24. f4 Ng4 25. fxe5 Nxe5 26. Bxe5 fxe5 27. Ba4+ Kf7 28. Bb3+ Kg6 29. Bd5 a5 30. Bxb7 axb4 31. axb4 Rb8 32. Rd7 Bg5+ 33. Kc2 Rhf8 34. Rhd1 Rf2+ 35. Kb3 e4 36. Bxe4+ Kh6 37. c6 Bf6 38. R1d2 Rf4 39. c7 Re8 40. Bb7 Re1 41. Rd1 Re2 42. R7d2 Re3+ 43. Rd3 Re2 44. c8Q Rb2+ 45. Ka3 Rbxb4 46. Rh3+ 1-0

[Event "St Petersburg-ch 95th"]
[Site "St Petersburg"]
[Date "2022.03.21"]
[Round "7"]
[White "Shakirov, Marat"]
[Black "Kundianok, Vladislav"]
[Result "1/2-1/2"]
[WhiteElo "2139"]
[BlackElo "2142"]
[PlyCount "88"]
[EventDate "2022.03.15"]
[EventType "swiss"]
[EventRounds "9"]
[EventCountry "RUS"]
[SourceTitle "CBM 207 Extra"]
[Source "ChessBase"]
[SourceDate "2022.05.31"]
[SourceVersion "1"]
[SourceVersionDate "2022.05.31"]
[SourceQuality "1"]

1. d4 Nf6 2. c4 e6 3. Nc3 Bb4 4. Qc2 d5 5. cxd5 exd5 6. Bg5 h6 7. Bh4 g5 8. Bg3 Nc6 9. e3 h5 10. Bb5 h4 11. Be5 0-0 12. Bxc6 bxc6 13. a3 Bxc3+ 14. Qxc3 Rb8 15. Qxc6 Ne8 16. h3 Rxb2 17. Ne2 Bd7 18. Qc3 Qb8 19. Nc1 Nd6 20. 0-0 Ne4 21. Qa5 Qb5 22. Qxc7 Rc8 23. Qxa7 f6 24. Nd3 Rb3 25. Nc1 Rb2 26. Nd3 Rb3 27. Nc1 Rbc3 28. Na2 R3c4 29. Rab1 Qa4 30. Rb7 Qxa7 31. Rxa7 fxe5 32. Rxd7 Nd2 33. Rd1 Rc2 34. Rxd5 Rxa2 35. Rxe5 Rac2 36. Rxg5+ Kf7 37. Rc5 Ne4 38. Rf5+ Kg6 39. Rf4 Rc1 40. Rxc1 Rxc1+ 41. Kh2 Nd2 42. Rxh4 Nf1+ 43. Kg1 Nxe3+ 44. Kh2 Nf1+ 1/2-1/2

[Event "St Petersburg-ch 95th"]
[Site "St Petersburg"]
[Date "2022.03.20"]
[Round "6"]
[White "Goganov, Aleksey"]
[Black "Shakirov, Marat"]
[Result "1/2-1/2"]
[WhiteElo "2582"]
[BlackElo "2139"]
[PlyCount "88"]
[EventDate "2022.03.15"]
[EventType "swiss"]
[EventRounds "9"]
[EventCountry "RUS"]
[SourceTitle "CBM 207 Extra"]
[Source "ChessBase"]
[SourceDate "2022.05.31"]
[SourceVersion "1"]
[SourceVersionDate "2022.05.31"]
[SourceQuality "1"]

1. e4 c6 2. Nf3 d5 3. d3 dxe4 4. dxe4 Qxd1+ 5. Kxd1 Bg4 6. Be2 Nd7 7. Ne1 Bxe2+ 8. Kxe2 e5 9. Nd3 Nc5 10. Nd2 Nf6 11. Nxc5 Bxc5 12. f3 Nd7 13. a4 a5 14. Nc4 Ke7 15. Rd1 f6 16. Bd2 b6 17. Be3 Bxe3 18. Kxe3 Rhb8 19. g3 Nf8 20. f4 exf4+ 21. gxf4 g6 22. Rd3 Ra7 23. h4 Ne6 24. Rd2 Rd7 25. Rxd7+ Kxd7 26. h5 g5 27. fxg5 Nxg5 28. Rf1 Ke6 29. Rd1 Nf7 30. Rg1 Ng5 31. Rd1 Nf7 32. Rg1 Ng5 33. b3 b5 34. Nxa5 bxa4 35. Nxc6 Rc8 36. Nd4+ Ke5 37. Rd1 axb3 38. cxb3 Rc3+ 39. Rd3 Nxe4 40. Nf3+ Kf5 41. Rxc3 Nxc3 42. Kd3 Na2 43. Nd4+ Kg4 44. Ke4 Kxh5 1/2-1/2

[Event "Chigorin Memorial 28th"]
[Site "St Petersburg"]
[Date "2021.10.28"]
[Round "6"]
[White "Al Marzouqi, Abdulla M"]
[Black "Shakirov, Marat"]
[Result "0-1"]
[WhiteElo "1870"]
[BlackElo "2150"]
[PlyCount "52"]
[EventDate "2021.10.23"]
[EventType "swiss"]
[EventRounds "9"]
[EventCountry "RUS"]
[SourceTitle "EXT 2023"]
[Source "ChessBase"]
[SourceDate "2022.10.05"]
[SourceVersion "1"]
[SourceVersionDate "2022.10.05"]
[SourceQuality "1"]

1. d4 d5 2. c4 e6 3. Nf3 c6 4. g3 dxc4 5. a4 b5 6. Bg2 Bb7 7. 0-0 Nf6 8. b3 cxb3 9. Qxb3 b4 10. a5 c5 11. Nc3 c4 12. a6 Bc6 13. Qxc4 bxc3 14. Rb1 Bd5 15. Qb5+ Nbd7 16. Bg5 Be7 17. e4 Bxe4 18. Ne5 Bxg2 19. Kxg2 0-0 20. Nc6 Qe8 21. Qb7 h6 22. Bf4 Nd5 23. Bb8 Rxb8 24. Nxb8 Nxb8 25. Qxa7 Qc6 26. Kh3 Qxa6 0-1

[Event "Chigorin Memorial 28th"]
[Site "St Petersburg"]
[Date "2021.10.24"]
[Round "2"]
[White "Titievskaya, Elizaveta"]
[Black "Shakirov, Marat"]
[Result "0-1"]
[WhiteElo "1842"]
[BlackElo "2150"]
[PlyCount "120"]
[EventDate "2021.10.23"]
[EventType "swiss"]
[EventRounds "9"]
[EventCountry "RUS"]
[SourceTitle "EXT 2023"]
[Source "ChessBase"]
[SourceDate "2022.10.05"]
[SourceVersion "1"]
[SourceVersionDate "2022.10.05"]
[SourceQuality "1"]

1. e4 e6 2. d4 d5 3. Nc3 Bb4 4. e5 c5 5. a3 Bxc3+ 6. bxc3 Ne7 7. Bd3 Qa5 8. Bd2 Qa4 9. Nf3 b6 10. Ng5 h6 11. Qh5 g6 12. Qh4 Nd7 13. Nh3 Ba6 14. Qg3 Bxd3 15. Qxd3 Rc8 16. 0-0 g5 17. Rac1 cxd4 18. cxd4 Qc4 19. g4 h5 20. Nxg5 hxg4 21. Qxc4 Rxc4 22. c3 Nf5 23. Kg2 Ke7 24. f3 gxf3+ 25. Nxf3 f6 26. exf6+ Nxf6 27. Ne5 Rg8+ 28. Kh1 Rcc8 29. c4 Ne4 30. Be1 dxc4 31. Rxc4 Rxc4 32. Nxc4 Nxd4 33. Bh4+ Ke8 34. Ne5 Rh8 35. Rf4 Nf5 36. Be1 Nc5 37. Bb4 Rh5 38. Ng4 Ke7 39. Bxc5+ bxc5 40. Ra4 Rh4 41. Rxa7+ Kd6 42. Ra6+ Kd5 43. Nf6+ Ke5 44. Nd7+ Kd5 45. Nxc5 Kxc5 46. Rxe6 Kd4 47. Kg1 Ne3 48. Rb6 Rh8 49. Rb7 Rf8 50. h3 Ke4 51. Rb2 Rg8+ 52. Kh2 Kf3 53. Rb3 Rg2+ 54. Kh1 Ra2 55. h4 Kf4 56. h5 Nf5 57. Rb4+ Kf3 58. Rb3+ Kg4 59. Rb4+ Kh3 60. h6 Ng3+ 0-1

[Event "Chigorin Memorial 27th"]
[Site "St Petersburg"]
[Date "2019.10.10"]
[Round "6"]
[White "Shakirov, Marat"]
[Black "Petrov, Igor1111"]
[Result "1-0"]
[WhiteElo "2114"]
[BlackElo "1584"]
[PlyCount "65"]
[EventDate "2019.10.05"]
[EventType "swiss"]
[EventRounds "9"]
[EventCountry "RUS"]
[SourceTitle "EXT 2020"]
[Source "ChessBase"]
[SourceDate "2019.10.17"]
[SourceVersion "1"]
[SourceVersionDate "2019.10.17"]
[SourceQuality "1"]

1. d4 d5 2. c4 c6 3. Nc3 e5 4. cxd5 cxd5 5. e3 e4 6. Qb3 Nf6 7. Nge2 Bd6 8. Bd2 Bc7 9. Nb5 Nc6 10. Nxc7+ Qxc7 11. Nc3 Qd8 12. Be2 0-0 13. 0-0 Re8 14. f3 exf3 15. Bxf3 Na5 16. Qc2 g6 17. b3 Bf5 18. Qb2 Rc8 19. Rac1 a6 20. Be1 Bd3 21. Bh4 Rxc3 22. Qxc3 Bxf1 23. Rxf1 Re6 24. Bg4 Rc6 25. Bxf6 Qxf6 26. Qxa5 Qg5 27. h3 Qxe3+ 28. Kh1 Qxd4 29. Qd8+ Kg7 30. Qe7 Rf6 31. Rxf6 Qxf6 32. Qxf6+ Kxf6 33. Bc8 1-0

[Event "Chigorin Memorial 27th"]
[Site "St Petersburg"]
[Date "2019.10.08"]
[Round "4"]
[White "Shakirov, Marat"]
[Black "Shilo, Kirill"]
[Result "1-0"]
[WhiteElo "2114"]
[BlackElo "1824"]
[PlyCount "59"]
[EventDate "2019.10.05"]
[EventType "swiss"]
[EventRounds "9"]
[EventCountry "RUS"]
[SourceTitle "EXT 2020"]
[Source "ChessBase"]
[SourceDate "2019.10.17"]
[SourceVersion "1"]
[SourceVersionDate "2019.10.17"]
[SourceQuality "1"]

1. d4 Nf6 2. c4 g6 3. Nc3 d5 4. cxd5 Nxd5 5. Na4 Bg7 6. e4 Nb6 7. Be3 0-0 8. Nf3 Nxa4 9. Qxa4 c5 10. Rd1 Nc6 11. dxc5 Qc7 12. Qa3 Bg4 13. Be2 Ne5 14. Nxe5 Bxe2 15. Kxe2 Bxe5 16. Rd3 a6 17. Rhd1 Rfd8 18. Qb3 Rxd3 19. Rxd3 e6 20. g3 Qc6 21. f3 h5 22. Qb6 Qxb6 23. cxb6 Bxb2 24. Rd7 Rb8 25. Bc5 Rc8 26. Rc7 Rd8 27. Rxb7 Be5 28. Be7 Rb8 29. Rxb8+ Bxb8 30. Bd8 1-0

[Event "Chigorin Memorial 26th"]
[Site "St Petersburg"]
[Date "2018.10.29"]
[Round "3"]
[White "Shakirov, Marat"]
[Black "Tyapkin, Petr"]
[Result "1-0"]
[WhiteElo "1821"]
[BlackElo "2080"]
[PlyCount "80"]
[EventDate "2018.10.27"]
[EventType "swiss"]
[EventRounds "9"]
[EventCountry "RUS"]
[SourceTitle "CBM 187 Extra"]
[Source "ChessBase"]
[SourceDate "2018.11.04"]
[SourceVersion "1"]
[SourceVersionDate "2018.11.04"]
[SourceQuality "1"]

1. d4 Nf6 2. Nf3 g6 3. c4 Bg7 4. Nc3 0-0 5. e4 d6 6. h3 e5 7. d5 Na6 8. Be3 Nc5 9. Nd2 a5 10. Be2 Nfd7 11. g4 b6 12. Qc2 Bf6 13. Nf3 Bb7 14. 0-0-0 Qe7 15. h4 Rfc8 16. h5 c6 17. Kb1 cxd5 18. cxd5 a4 19. Rh3 a3 20. hxg6 fxg6 21. Rdh1 Nf8 22. Bh6 axb2 23. Qxb2 Ba6 24. Bxa6 Rxa6 25. Bxf8 Rxf8 26. Rxh7 Qxh7 27. Rxh7 Kxh7 28. Nd2 Bh4 29. f3 Bg5 30. Nb5 Ra4 31. Nxd6 Bxd2 32. Qxd2 Rxf3 33. Qh2+ Kg8 34. Qh4 Rf1+ 35. Kb2 Rf2+ 36. Qxf2 Nd3+ 37. Kb3 Nxf2 38. Kxa4 Nxg4 39. Kb5 Ne3 40. Nc4 Nc2 1-0